000 00459nam a22001337a 4500
082 _aP-196
_bP-196
100 _aAsim Khawas Khan, Syndicate No 7
_948215
245 _aTo study use of digital strain indicator SMD 20A, using strain gages and compiling results theoretically/practically using computer
_cAsim Khawas Khan, Javed Iqbal
300 _a126 P, :
526 _a0
_b0
_c0
_dP_196_P196
650 _aProject
700 _aTariq
_948115
942 _2ddc
_cBK
999 _c551221
_d551221